| 000 | 00454nam a2200181Ia 4500 | ||
|---|---|---|---|
| 003 | OSt | ||
| 005 | 20251031120419.0 | ||
| 008 | 250729s2005 xx 000 0 und d | ||
| 040 | _cAL | ||
| 041 | _akan | ||
| 082 | _a954 PALB | ||
| 100 |
_aಫಾಲಾಕ್ಶ _9223662 |
||
| 245 | _aಭಾರತದ ಇತಿಹಾಸ(ಅಧುನಿಕ ಕಾಲ) | ||
| 260 |
_aThumkur _c2005 |
||
| 300 | _a516p | ||
| 650 |
_aHistory _9223663 |
||
| 942 |
_2ddc _cBED |
||
| 999 |
_c236020 _d236020 |
||